1269 1464 1138 1506 1389 1576 1138 1332 1046 1534 1803 1959 1281 1585 1220 1928 1045 1234 1591 1832 1348 1778 1193 1969 1449 1600 1296 1099 1836 1481 1648 1546 1801 1876 1521 1371 1115 1357 1259 1547 1827 1960 1706 1701 1744 1598 1590 1083 1926 1782 1667 1316 1302 1089 1998 1269 1784 1949 1288 1031 1830 1423 1774 1811 1466 1145 1745 1916 1134 1608 1642 1957 1106 1916 1554 1426 1576 1804 1355 1049 1206 1956 1656 1998 1876 1923 1483 1944 1785 1984 1806 1722 1258 1732 1138 1435 1976 1295 1261 BCNSPRNW ULIB Ver.6.0+V

เปลี่ยนเป็นภาษาไทย

Change to English
 แสดงรายละเอียดบรรณานุกรม
  กลับหน้าหลัก

Brief Record : Get Marc (ISO 2709) : E-mail record : QR code < ปิดหน้าต่าง
LEADER : 00000nam 2200000uu 4500
001    13399120105
003     ULIB
008    120830s2542||||th 000 0 tha d
020    ^a974293479
060 04 ^aWY16^bส626พ
245 00 ^aพัฒนาการพยาบาล /^cสายสวาท เผ่าพงษ์, บรรณาธิการ
250    ^aพิมพ์ครั้งที่ 1
260    ^aนนทบุรี :^bโครงการสวัสดิการวิชาการ สถาบันพระบรมราชชนกกระทรวงสาธารณสุข,^c2542
300    ^a145 หน้า ;^c26 ซม.
650  2 ^aNursing
650  7 ^aการพยาบาล
700 0  ^aสายสวาท เผ่าพงษ์,^eบรรณาธิการ
710 2  ^aกระทรวงสาธารณสุข. ^bสถาบันพระบรมราชชนก
945    ^p90^l0^i19379
945    ^p90^l0^i19380
945    ^p90^l0^i19381
945    ^p90^l0^i19382
945    ^p90^l0^i19383
995    ^aทศพร
999    ^aทศพร เกษรทอง
รายการนี้ยังไม่มีแท็ก
คุณยังไม่ได้ล็อกอิน คุณสามารถมีกิจกรรมร่วมกับเว็บไซต์ได้ แต่ต้องล็อกอินก่อน ::
  ล็อกอิน

รายการสื่อสารสนเทศ

ลำดับที่ ประเภท เลขเรียก/บาร์โค้ด สถานที่ สถานะ
1. วิทยาศาสตร์การแพทย์ และสุขภาพ
วิทยาศาสตร์การแพทย์ และสุขภาพ
สถานะ=หนังสือเก่า
WY16 ส626พ ฉ.1 
  Barcode: 19379
ห้องสมุดวิทยาเขตนครสวรรค์
►ส่วนจัดเก็บหนังสือเก่า นว.
บนชั้น
  ขอยืม
2. Book การพยาบาล
Book การพยาบาล
สถานะ=หนังสือเก่า
WY16 ส626พ ฉ.2 
  Barcode: 19380
ห้องสมุดวิทยาเขตนครสวรรค์
►ส่วนจัดเก็บหนังสือเก่า นว.
บนชั้น
  ขอยืม
3. Book การพยาบาล
Book การพยาบาล
สถานะ=หนังสือเก่า
WY16 ส626พ ฉ.3 
  Barcode: 19381
ห้องสมุดวิทยาเขตนครสวรรค์
►หนังสือทั่วไป:l:General Books
บนชั้น
4. Book การพยาบาล
Book การพยาบาล
สถานะ=หนังสือเก่า
WY16 ส626พ ฉ.4 
  Barcode: 19382
ห้องสมุดวิทยาเขตนครสวรรค์
►ส่วนจัดเก็บหนังสือเก่า นว.
บนชั้น
  ขอยืม
5. Book การพยาบาล
Book การพยาบาล
สถานะ=หนังสือเก่า
WY16 ส626พ ฉ.5 
  Barcode: 19383
ห้องสมุดวิทยาเขตนครสวรรค์
►ส่วนจัดเก็บหนังสือเก่า นว.
บนชั้น
  ขอยืม

รายการใกล้เคียง
    หัวเรื่อง [Nursing]
    หัวเรื่อง [การพยาบาล]

BibComment


ยังไม่เคยถูกคอมเมนท์

คอมเมนท์ทรัพยากรรายการนี้
  คอมเมนท์: พัฒนาการพยาบาล ..


 Copyright 2026. Bcnsprnw @Library